Elizabeth Line with SVG Map - Statistics

General Stats
  • This quiz has been taken 1,212 times
    1,072 since last reset
  • The average score is 29 of 41
Answers on the Map
Answers color-coded by a green-red scale on the quiz's map according to % correct below.
 
Answer Stats
Answer % Correct
Reading
92%
Paddington
90%
Liverpool Street
89%
Bond Street
86%
Heathrow Terminal 4
86%
Heathrow Terminal 5
86%
Tottenham Court Road
86%
Abbey Wood
84%
Heathrow Terminals 2 & 3
84%
Canary Wharf
82%
Shenfield
82%
Whitechapel
82%
Stratford
81%
Farringdon
80%
Slough
79%
Woolwich
79%
Ealing Broadway
75%
Custom House
74%
Acton Main Line
73%
Romford
72%
Hayes & Harlington
70%
Ilford
70%
Maidenhead
70%
Twyford
69%
Southall
67%
West Ealing
65%
Maryland
64%
Iver
62%
West Drayton
62%
Seven Kings
61%
Brentwood
59%
Hanwell
59%
Gidea Park
58%
Taplow
57%
Burnham
56%
Goodmayes
54%
Langley
54%
Forest Gate
53%
Manor Park
52%
Chadwell Heath
51%
Harold Wood
49%
No matching quizzes found
Score Distribution
Percent of People with Each Score
Percentile by Number Answered
Your Score History
You have not taken this quiz since the last reset